1198 1592 1484 1444 1442 1671 1497 1948 1648 1291 1684 1147 1343 1992 1144 1366 1548 1639 1909 1809 1419 1647 1909 1931 1826 1906 1035 1642 1084 1823 1069 1570 1146 1649 1292 1406 1937 1628 1648 1401 1780 1983 1359 1193 1259 1672 1205 1947 1451 1406 1052 1455 1866 1834 1641 1987 1543 1235 1595 1346 1445 1183 1260 1001 1725 1456 1220 1766 1995 1600 1835 1055 1557 1280 1720 1005 1644 1816 1317 1616 1224 1819 1984 1532 1183 1613 1720 1395 1960 1427 1301 1845 1621 1850 1477 1981 1537 1146 1383 BCNSPRNW ULIB Ver.6.0+V

เปลี่ยนเป็นภาษาไทย

Change to English
 แสดงรายละเอียดบรรณานุกรม
  กลับหน้าหลัก

Brief Record : Get Marc (ISO 2709) : E-mail record : QR code < ปิดหน้าต่าง
LEADER : 00000nam 2200000uu 4500
001    13399120867
003     ULIB
008    121022s2549||||th 000 0 tha d
020    ^a9789749435618
090    ^aนว.^bม458ล
100    ^aมาร์คัส เซดจ์วิก^eเขียน
245    ^aลางสังหรณ์ /^cมาร์คัส เซดจ์วิก
260    ^aกรุงเทพฯ :^bแพรวสำนักพิมพ์,^c2549
300    ^a287 หน้า
700    ^aศุภณัฏฐ์ พิศาลไชยพล^eแปล
945    ^p195^l0^i021599
999    ^aวิภา
รายการนี้ยังไม่มีแท็ก
คุณยังไม่ได้ล็อกอิน คุณสามารถมีกิจกรรมร่วมกับเว็บไซต์ได้ แต่ต้องล็อกอินก่อน ::
  ล็อกอิน

รายการสื่อสารสนเทศ

ลำดับที่ ประเภท เลขเรียก/บาร์โค้ด สถานที่ สถานะ
1. วิทยาศาสตร์การแพทย์ และสุขภาพ
วิทยาศาสตร์การแพทย์ และสุขภาพ
นว. ม458ล  
  Barcode: 021599
ห้องสมุดวิทยาเขตสวรรค์ประชารักษ์
►นวนิยาย
บนชั้น
  ขอยืม

BibComment


ยังไม่เคยถูกคอมเมนท์

คอมเมนท์ทรัพยากรรายการนี้
  คอมเมนท์: ลางสังหรณ์ มาร์..


 Copyright 2026. Bcnsprnw @Library